[Event "Landsturneringen 2017"]
[Site "Clarion Energy Hotel, Stavanger"]
[Date "2017.07.02"]
[Round "2"]
[White "Ranaldi, Lucas"]
[Black "Olsen, Ulrik"]
[Result "1-0"]
[WhiteElo "2269"]
[BlackElo "1913"]
[PlyCount "51"]

1. d4 {[%clk 1:30:58]} Nf6 {[%clk 1:30:55]} 2. c4 {[%clk 1:31:12]} g6
{[%clk 1:31:20]} 3. Nc3 {[%clk 1:31:38]} d5 {[%clk 1:31:47]} 4. Nf3
{[%clk 1:31:36]} Bg7 {[%clk 1:32:07]} 5. Bg5 {[%clk 1:31:07]} Ne4
{[%clk 1:28:36]} 6. Bh4 {[%clk 1:26:24]} Nxc3 {[%clk 1:27:43]} 7. bxc3
{[%clk 1:26:31]} dxc4 {[%clk 1:26:40]} 8. e3 {[%clk 1:26:36]} b5 {[%clk 1:22:33]}
9. a4 {[%clk 1:27:01]} c6 {[%clk 1:22:10]} 10. Qb1 {[%clk 1:27:27]} Bf5
{[%clk 1:18:39]} 11. e4 {[%clk 1:04:25]} Bd7 {[%clk 1:18:37]} 12. Bxc4
{[%clk 1:03:30]} Qa5 {[%clk 1:07:29]} 13. O-O {[%clk 1:03:41]} Qb6
{[%clk 1:02:38]} 14. axb5 {[%clk 0:42:43]} cxb5 {[%clk 1:02:38]} 15. Qb3
{[%clk 0:37:41]} e6 {[%clk 0:56:47]} 16. Rfb1 {[%clk 0:30:14]} a6
{[%clk 0:55:45]} 17. Qa3 {[%clk 0:28:46]} Bf8 {[%clk 0:55:00]} 18. Qc1
{[%clk 0:28:56]} Qc6 {[%clk 0:53:20]} 19. Bf6 {[%clk 0:27:32]} Rg8
{[%clk 0:51:00]} 20. Bd3 {[%clk 0:24:37]} b4 {[%clk 0:50:25]} 21. c4
{[%clk 0:16:30]} a5 {[%clk 0:49:47]} 22. c5 {[%clk 0:14:18]} Qb7 {[%clk 0:46:01]}
23. Qc4 {[%clk 0:10:58]} Ra6 {[%clk 0:38:18]} 24. Be5 {[%clk 0:10:05]} Bc8
{[%clk 0:34:57]} 25. Bxb8 {[%clk 0:06:58]} Qxb8 {[%clk 0:35:05]} 26. Qb5+
{[%clk 0:07:19]}
1-0

[Event "Landsturneringen 2017"]
[Site "Clarion Energy Hotel, Stavanger"]
[Date "2017.07.02"]
[Round "2"]
[White "Nordquelle, Daniel"]
[Black "Merkesvik, Sondre"]
[Result "0-1"]
[WhiteElo "2047"]
[BlackElo "2211"]
[PlyCount "124"]

1. e4 {[%clk 1:30:57]} Nf6 {[%clk 1:29:24]} 2. e5 {[%clk 1:31:07]} Nd5
{[%clk 1:29:49]} 3. d4 {[%clk 1:31:29]} d6 {[%clk 1:30:18]} 4. Nf3
{[%clk 1:31:19]} Bg4 {[%clk 1:29:26]} 5. Be2 {[%clk 1:31:41]} Nc6
{[%clk 1:29:48]} 6. c4 {[%clk 1:30:12]} Nb6 {[%clk 1:30:15]} 7. exd6
{[%clk 1:30:35]} exd6 {[%clk 1:30:41]} 8. Be3 {[%clk 1:22:40]} Be7
{[%clk 1:30:45]} 9. Nbd2 {[%clk 1:22:50]} O-O {[%clk 1:29:49]} 10. d5
{[%clk 1:20:14]} Ne5 {[%clk 1:26:18]} 11. Nxe5 {[%clk 1:20:04]} Bxe2
{[%clk 1:26:46]} 12. Nxf7 {[%clk 1:08:45]} Bxd1 {[%clk 1:27:13]} 13. Nxd8
{[%clk 1:09:07]} Bg4 {[%clk 1:27:39]} 14. Nxb7 {[%clk 0:57:40]} a5
{[%clk 0:55:30]} 15. Bxb6 {[%clk 0:57:31]} cxb6 {[%clk 0:55:53]} 16. Ne4
{[%clk 0:57:57]} Ra7 {[%clk 0:56:20]} 17. f3 {[%clk 0:55:29]} Rxb7
{[%clk 0:54:42]} 18. fxg4 {[%clk 0:55:45]} Rf4 {[%clk 0:54:45]} 19. Nd2
{[%clk 0:41:17]} Bg5 {[%clk 0:37:52]} 20. Nf3 {[%clk 0:22:06]} Re7+
{[%clk 0:38:00]} 21. Kf2 {[%clk 0:21:18]} Bh4+ {[%clk 0:35:26]} 22. g3
{[%clk 0:18:41]} Ref7 {[%clk 0:35:52]} 23. gxh4 Rxf3+ {[%clk 0:36:20]} 24. Ke1
{[%clk 0:17:38]} Rf2 {[%clk 0:23:01]} 25. b3 {[%clk 0:17:50]} Rg2
{[%clk 0:21:52]} 26. h3 {[%clk 0:17:57]} Rff2 {[%clk 0:21:28]} 27. h5
{[%clk 0:17:06]} h6 {[%clk 0:21:06]} 28. Kd1 {[%clk 0:13:33]} Rc2
{[%clk 0:14:17]} 29. h4 {[%clk 0:07:58]} Rb2 {[%clk 0:11:04]} 30. Ke1
{[%clk 0:05:18]} Rxg4 {[%clk 0:10:50]} 31. Kf1 {[%clk 0:05:42]} Rg3
{[%clk 0:05:59]} 32. Re1 {[%clk 0:03:37]} Rxa2 33. Rb1 {[%clk 0:03:56]} Rf3+
{[%clk 0:00:47]} 34. Kg1 {[%clk 0:04:24]} Rg3+ {[%clk 0:00:48]} 35. Kf1
{[%clk 0:04:53]} Rc2 {[%clk 0:01:06]} 36. Ke1 {[%clk 0:02:55]} Rgg2
{[%clk 0:01:33]} 37. Kd1 {[%clk 0:02:32]} Rcf2 {[%clk 0:01:19]} 38. Kc1
{[%clk 0:02:08]} Kf7 {[%clk 0:00:40]} 39. b4 {[%clk 0:01:28]} Rc2+
{[%clk 0:00:45]} 40. Kd1 {[%clk 0:01:57]} a4 {[%clk 0:00:33]} 41. Ra1
{[%clk 0:00:37]} Rb2 {[%clk 0:20:45]} 42. c5 {[%clk 0:25:57]} bxc5
{[%clk 0:18:45]} 43. bxc5 {[%clk 0:26:24]} dxc5 {[%clk 0:18:47]} 44. Kc1
{[%clk 0:24:50]} Rgc2+ {[%clk 0:13:42]} 45. Kd1 {[%clk 0:25:18]} Rd2+
{[%clk 0:14:02]} 46. Kc1 {[%clk 0:25:23]} Rbc2+ {[%clk 0:14:30]} 47. Kb1
{[%clk 0:25:38]} Rb2+ {[%clk 0:14:51]} 48. Kc1 {[%clk 0:26:01]} Rbc2+
{[%clk 0:15:21]} 49. Kb1 {[%clk 0:26:24]} Rc4 {[%clk 0:15:49]} 50. Rf1+
{[%clk 0:23:12]} Ke7 {[%clk 0:15:58]} 51. Ra3 {[%clk 0:22:52]} Rg4
{[%clk 0:13:15]} 52. Re3+ {[%clk 0:18:33]} Kd6 {[%clk 0:13:40]} 53. Re8
{[%clk 0:17:26]} Rb4+ {[%clk 0:11:23]} 54. Ka1 {[%clk 0:15:15]} Rd3
{[%clk 0:09:58]} 55. Ka2 {[%clk 0:14:47]} Kxd5 {[%clk 0:09:15]} 56. Rf5+
{[%clk 0:14:19]} Kc4 {[%clk 0:09:00]} 57. Ree5 {[%clk 0:11:24]} Rd2+
{[%clk 0:08:05]} 58. Ka1 {[%clk 0:11:52]} Rb5 {[%clk 0:05:48]} 59. Re1
{[%clk 0:10:15]} Rbb2 {[%clk 0:02:56]} 60. Re4+ {[%clk 0:06:26]} Kb5
{[%clk 0:03:07]} 61. Rf8 {[%clk 0:04:51]} a3 {[%clk 0:02:47]} 62. Re1
{[%clk 0:03:46]} Ra2+ {[%clk 0:03:02]}
0-1

[Event "Landsturneringen 2017"]
[Site "Clarion Energy Hotel, Stavanger"]
[Date "2017.07.02"]
[Round "2"]
[White "Fossan, Benjamin"]
[Black "Kizatbay, Abyl"]
[Result "0-1"]
[WhiteElo "1855"]
[BlackElo "2127"]
[PlyCount "118"]
[EventDate "2017.??.??"]

1. c4 Nf6 2. Nc3 g6 3. Nf3 Bg7 4. g3 O-O 5. Bg2 d6 6. O-O e5 7. d3 Nbd7 8. e4
a5 9. d4 Re8 10. b3 b6 11. Bb2 Bb7 12. Re1 exd4 13. Nxd4 Nc5 14. f3 Nfd7 15.
Nc2 Ne5 16. Bf1 f5 17. f4 Ng4 18. exf5 gxf5 19. Rb1 Rxe1 20. Qxe1 Qd7 21. Nd5
Re8 22. Qc1 Ne4 23. Nce3 Bxb2 24. Rxb2 Nxe3 25. Qxe3 Qg7 26. Re2 Kf8 27. Bh3
Qf7 28. Qd3 b5 29. Ne3 bxc4 30. Nxc4 a4 31. Bg2 axb3 32. axb3 Qf6 33. Re1 Ra8
34. Nd2 d5 35. Nxe4 fxe4 36. Qc2 Qb6+ 37. Kh1 c5 38. f5 Rc8 39. g4 Qf6 40. Qd2
Kg7 41. Qf4 h6 42. Rg1 Kh7 43. Bf1 e3 44. h3 Re8 45. g5 d4+ 46. Kh2 hxg5 47.
Rxg5 Qe5 48. Rh5+ Kg8 49. Bc4+ Kf8 50. Rh8+ Kg7 51. Rg8+ Kh7 52. Qxe5 Rxe5 53.
f6 e2 54. f7 e1=Q 55. f8=Q Qh1+ 56. Kg3 Re3+ 57. Kf4 Qf3+ 58. Kg5 Re5+ 59. Kh4
Rh5#
0-1

[Event "Landsturneringen 2017"]
[Site "Clarion Energy Hotel, Stavanger"]
[Date "2017.07.02"]
[Round "2"]
[White "Løbersli, Henrik Øie"]
[Black "Machlik, Monika"]
[Result "1/2-1/2"]
[WhiteElo "2084"]
[BlackElo "2049"]
[PlyCount "105"]

1. d4 {[%clk 1:30:50]} Nf6 {[%clk 1:30:41]} 2. Bf4 {[%clk 1:30:55]} e6
{[%clk 1:29:57]} 3. e3 {[%clk 1:30:25]} d5 {[%clk 1:26:26]} 4. Nd2
{[%clk 1:29:57]} c5 {[%clk 1:20:53]} 5. c3 {[%clk 1:29:24]} a6 {[%clk 1:11:19]}
6. Bd3 {[%clk 1:26:56]} Nc6 {[%clk 1:08:18]} 7. Ngf3 {[%clk 1:21:19]} Bd6
{[%clk 1:07:40]} 8. Bg3 {[%clk 1:19:43]} h6 {[%clk 1:02:30]} 9. O-O
{[%clk 1:11:34]} O-O {[%clk 1:02:42]} 10. Qe2 {[%clk 1:08:47]} Bxg3
{[%clk 0:53:36]} 11. hxg3 {[%clk 1:08:46]} Nd7 {[%clk 0:50:46]} 12. e4
{[%clk 1:02:33]} cxd4 {[%clk 0:48:13]} 13. cxd4 {[%clk 1:02:23]} Qb6
{[%clk 0:41:51]} 14. Nb3 {[%clk 0:56:36]} Nb4 {[%clk 0:39:38]} 15. Bb1
{[%clk 0:55:07]} dxe4 {[%clk 0:39:10]} 16. Qxe4 {[%clk 0:54:11]} Nf6
{[%clk 0:36:44]} 17. Qh4 {[%clk 0:54:00]} Bd7 {[%clk 0:29:07]} 18. g4
{[%clk 0:44:32]} Bb5 {[%clk 0:24:59]} 19. Re1 {[%clk 0:43:17]} Bd3
{[%clk 0:23:24]} 20. Bxd3 {[%clk 0:29:20]} Nxd3 {[%clk 0:23:53]} 21. Re3
{[%clk 0:29:38]} Nf4 {[%clk 0:22:17]} 22. Ne5 {[%clk 0:27:40]} N6d5
{[%clk 0:18:56]} 23. Re4 {[%clk 0:15:23]} Ng6 {[%clk 0:11:24]} 24. Nxg6
{[%clk 0:13:11]} fxg6 {[%clk 0:11:54]} 25. g5 {[%clk 0:13:17]} h5
{[%clk 0:11:38]} 26. Rae1 {[%clk 0:13:10]} Rae8 {[%clk 0:11:19]} 27. R1e2
{[%clk 0:09:35]} Qd6 {[%clk 0:07:53]} 28. g3 {[%clk 0:09:19]} b6 {[%clk 0:07:27]}
29. Re5 {[%clk 0:08:07]} Nc7 {[%clk 0:06:39]} 30. Qe4 {[%clk 0:07:27]} Rf5
{[%clk 0:06:53]} 31. Rc2 {[%clk 0:04:41]} Nd5 {[%clk 0:05:33]} 32. a3
{[%clk 0:03:55]} Kf7 {[%clk 0:03:14]} 33. Nd2 {[%clk 0:04:01]} Qd7
{[%clk 0:02:32]} 34. Nc4 {[%clk 0:03:22]} Kg8 {[%clk 0:02:12]} 35. Ne3
{[%clk 0:02:52]} Nxe3 {[%clk 0:01:58]} 36. Qxe3 {[%clk 0:03:20]} Rxe5
{[%clk 0:01:10]} 37. Qxe5 {[%clk 0:03:19]} Rc8 {[%clk 0:01:10]} 38. Rxc8+
{[%clk 0:01:12]} Qxc8 {[%clk 0:01:40]} 39. Qd6 {[%clk 0:01:16]} b5
{[%clk 0:01:10]} 40. b3 {[%clk 0:00:50]} Kh7 {[%clk 0:00:46]} 41. a4
{[%clk 0:27:23]} bxa4 {[%clk 0:25:37]} 42. bxa4 {[%clk 0:27:08]} a5
{[%clk 0:18:51]} 43. Qc5 {[%clk 0:23:28]} Qa6 {[%clk 0:17:58]} 44. Qc7
{[%clk 0:20:52]} Qa8 {[%clk 0:15:28]} 45. Qb6 {[%clk 0:15:16]} Qd5
{[%clk 0:14:48]} 46. Qc5 {[%clk 0:15:28]} Qa8 {[%clk 0:09:37]} 47. Kf1
{[%clk 0:13:48]} Qh1+ {[%clk 0:08:17]} 48. Ke2 {[%clk 0:14:12]} Qe4+
{[%clk 0:07:47]} 49. Kd2 {[%clk 0:13:47]} Qf3 {[%clk 0:07:38]} 50. Ke1
{[%clk 0:11:49]} Qh1+ {[%clk 0:07:01]} 51. Kd2 {[%clk 0:11:17]} Qf3
{[%clk 0:07:18]} 52. Ke1 {[%clk 0:11:29]} Qh1+ {[%clk 0:06:37]} 53. Kd2
{[%clk 0:11:38]}
1/2-1/2

[Event "Landsturneringen 2017"]
[Site "Clarion Energy Hotel, Stavanger"]
[Date "2017.07.02"]
[Round "2"]
[White "Pettersen, Johan"]
[Black "Machlik, Edit"]
[Result "1-0"]
[WhiteElo "1896"]
[BlackElo "2084"]
[PlyCount "135"]
[EventDate "2017.??.??"]

1. e4 c6 2. d4 d5 3. exd5 cxd5 4. Bd3 Nc6 5. c3 Nf6 6. Bf4 g6 7. Nd2 Bg7 8.
Ngf3 O-O 9. h3 a6 10. O-O Bf5 11. Bxf5 gxf5 12. Qe2 e6 13. Ne5 Ne7 14. Kh2 Ng6
15. Nxg6 hxg6 16. Be5 b5 17. Nf3 Qb6 18. a4 Rfc8 19. a5 Qb7 20. Rac1 Qe7 21.
Bxf6 Bxf6 22. Qd2 Qc7+ 23. Kg1 Qxa5 24. b4 Qc7 25. Ne1 a5 26. Nd3 Qc4 27. Nc5
axb4 28. Nd7 Bd8 29. Qh6 Be7 30. Nb6 Qb3 31. Nxc8 Rxc8 32. cxb4 Rc4 33. Rb1 Qd3
34. Ra1 Rc8 35. Rfc1 Rf8 36. Rc7 Qxd4 37. Rac1 Bxb4 38. Rc8 Qg7 39. Qf4 Rxc8
40. Rxc8+ Bf8 41. Qb4 Qa1+ 42. Kh2 Qg7 43. f4 Qh6 44. g3 Qg7 45. Kg2 d4 46. Kf3
Qh6 47. Ke2 Qh5+ 48. Kd2 Qh6 49. Kc2 Qg7 50. Qd6 Qh6 51. h4 Qg7 52. Kd3 Qh6 53.
Kxd4 e5+ 54. Kxe5 Qg7+ 55. Kd5 f6 56. Kc6 Qf7 57. Kb6 b4 58. Qc6 b3 59. Qc3 Kg7
60. Rc7 Be7 61. Qe1 Bc5+ 62. Kb7 b2 63. Rxf7+ Kxf7 64. Kc6 Bd4 65. Kd5 Bc3 66.
Qe6+ Kf8 67. Qb6 g5 68. Kc4
1-0

[Event "Landsturneringen 2017"]
[Site "Clarion Energy Hotel, Stavanger"]
[Date "2017.07.02"]
[Round "2"]
[White "Nilsen, Martin"]
[Black "Saltvedt, Martin"]
[Result "0-1"]
[WhiteElo "2080"]
[BlackElo "2046"]
[PlyCount "154"]

1. Nf3 {[%clk 1:25:41]} d5 {[%clk 1:30:14]} 2. d4 {[%clk 1:24:08]} Nf6
{[%clk 1:29:07]} 3. Bf4 {[%clk 1:19:30]} e6 {[%clk 1:28:13]} 4. e3
{[%clk 1:15:46]} Nbd7 {[%clk 1:27:53]} 5. Nbd2 {[%clk 1:14:58]} Be7
{[%clk 1:27:13]} 6. Bd3 {[%clk 1:12:59]} b6 {[%clk 1:24:59]} 7. c3
{[%clk 1:01:02]} Bb7 {[%clk 1:22:03]} 8. Qb1 {[%clk 0:53:05]} c5 {[%clk 1:19:25]}
9. O-O {[%clk 0:45:41]} a6 {[%clk 1:16:20]} 10. b4 {[%clk 0:35:06]} c4
{[%clk 1:08:01]} 11. Bc2 {[%clk 0:35:24]} Nf8 {[%clk 1:08:11]} 12. Ba4+
{[%clk 0:21:47]} N6d7 {[%clk 1:01:41]} 13. Ne5 {[%clk 0:18:03]} Rc8
{[%clk 0:56:22]} 14. Qd1 {[%clk 0:15:54]} b5 {[%clk 0:49:55]} 15. Bc2
{[%clk 0:15:44]} Nxe5 {[%clk 0:49:06]} 16. Bxe5 {[%clk 0:09:59]} f6
{[%clk 0:40:00]} 17. Bg3 {[%clk 0:09:45]} Bd6 {[%clk 0:37:37]} 18. Qh5+
{[%clk 0:08:45]} g6 {[%clk 0:35:09]} 19. Qh6 {[%clk 0:08:12]} Bxg3
{[%clk 0:32:50]} 20. fxg3 {[%clk 0:08:08]} Rc7 {[%clk 0:29:41]} 21. Rf2
{[%clk 0:07:10]} Rf7 {[%clk 0:28:28]} 22. Raf1 {[%clk 0:07:15]} Rg8
{[%clk 0:28:50]} 23. g4 {[%clk 0:05:24]} Nd7 {[%clk 0:27:08]} 24. Nf3
{[%clk 0:04:00]} Rgf8 {[%clk 0:27:09]} 25. h4 {[%clk 0:03:45]} Qe7
{[%clk 0:27:07]} 26. a3 {[%clk 0:02:27]} a5 {[%clk 0:26:50]} 27. Rb1
{[%clk 0:01:23]} a4 {[%clk 0:27:06]} 28. Rbf1 {[%clk 0:01:21]} Bc6
{[%clk 0:26:49]} 29. Bb1 {[%clk 0:00:49]} Bb7 {[%clk 0:27:08]} 30. Kh2
{[%clk 0:00:35]} e5 {[%clk 0:27:00]} 31. Kh1 {[%clk 0:00:45]} e4 {[%clk 0:27:07]}
32. Ng1 {[%clk 0:01:14]} Qe6 {[%clk 0:26:45]} 33. Qf4 {[%clk 0:00:53]} Kd8
{[%clk 0:25:30]} 34. Nh3 {[%clk 0:01:22]} Bc8 {[%clk 0:25:01]} 35. Bc2
{[%clk 0:01:06]} Rg8 {[%clk 0:23:45]} 36. Bd1 {[%clk 0:00:42]} Rgf8
{[%clk 0:22:19]} 37. Kg1 {[%clk 0:00:59]} Ke7 {[%clk 0:22:41]} 38. Qc7
{[%clk 0:00:43]} Qd6 {[%clk 0:23:08]} 39. Qxd6+ {[%clk 0:00:35]} Kxd6
{[%clk 0:23:36]} 40. g5 {[%clk 0:00:38]} Ke7 {[%clk 0:20:14]} 41. Bg4
{[%clk 0:26:47]} Nb6 {[%clk 0:46:37]} 42. Bxc8 {[%clk 0:22:11]} Nxc8
{[%clk 0:46:49]} 43. Nf4 {[%clk 0:18:56]} Kd6 {[%clk 0:43:55]} 44. gxf6
{[%clk 0:14:57]} Rxf6 {[%clk 0:44:03]} 45. g4 {[%clk 0:14:59]} Ne7
{[%clk 0:43:01]} 46. Nxg6 {[%clk 0:06:49]} Rxf2 {[%clk 0:43:18]} 47. Nxf8
{[%clk 0:07:14]} Rc2 {[%clk 0:43:22]} 48. Nxh7 Rxc3 {[%clk 0:42:14]} 49. h5
{[%clk 0:03:34]} Rxe3 {[%clk 0:42:18]} 50. Kg2 {[%clk 0:03:06]} c3
{[%clk 0:39:48]} 51. Rc1 {[%clk 0:00:49]} Ke6 {[%clk 0:38:56]} 52. g5
{[%clk 0:00:44]} Nf5 {[%clk 0:38:38]} 53. h6 {[%clk 0:00:39]} Kf7
{[%clk 0:37:20]} 54. Nf6 {[%clk 0:00:45]} Rg3+ {[%clk 0:36:24]} 55. Kf2
{[%clk 0:00:50]} Rf3+ {[%clk 0:36:09]} 56. Ke1 {[%clk 0:00:49]} Ng3
{[%clk 0:26:56]} 57. Kd1 {[%clk 0:00:52]} e3 {[%clk 0:25:25]} 58. Ng4
{[%clk 0:00:41]} Rf2 {[%clk 0:20:31]} 59. Nxe3 {[%clk 0:00:36]} Rd2+
{[%clk 0:20:53]} 60. Ke1 {[%clk 0:01:05]} Re2+ {[%clk 0:21:21]} 61. Kd1
{[%clk 0:01:33]} Rxe3 {[%clk 0:20:20]} 62. Kc2 {[%clk 0:02:02]} Kg6
{[%clk 0:18:01]} 63. Kb1 {[%clk 0:02:05]} Ne4 {[%clk 0:17:46]} 64. Ka2
{[%clk 0:00:47]} Nxg5 {[%clk 0:17:35]} 65. Rh1 {[%clk 0:00:52]} Re4
{[%clk 0:16:39]} 66. h7 {[%clk 0:00:40]} Nxh7 {[%clk 0:16:58]} 67. Rd1
{[%clk 0:00:42]} Re2+ {[%clk 0:17:01]} 68. Ka1 {[%clk 0:01:02]} Ng5
{[%clk 0:17:10]} 69. Rf1 {[%clk 0:01:05]} Rd2 {[%clk 0:16:45]} 70. Rc1
{[%clk 0:01:16]} Ne4 {[%clk 0:16:52]} 71. Rb1 {[%clk 0:01:13]} c2
{[%clk 0:16:37]} 72. Rg1+ {[%clk 0:01:40]} Kf5 {[%clk 0:16:45]} 73. Rf1+
{[%clk 0:01:49]} Kg4 {[%clk 0:17:01]} 74. Kb2 {[%clk 0:01:03]} Rd1
{[%clk 0:17:16]} 75. Ka2 {[%clk 0:00:50]} Rxf1 {[%clk 0:17:26]} 76. Kb2
{[%clk 0:01:16]} c1=Q+ {[%clk 0:17:40]} 77. Ka2 {[%clk 0:01:45]} Nc3#
{[%clk 0:18:00]}
0-1

[Event "Landsturneringen 2017"]
[Site "Clarion Energy Hotel, Stavanger"]
[Date "2017.07.02"]
[Round "2"]
[White "Fossan, Andreas"]
[Black "Sjøberg, Isak"]
[Result "1/2-1/2"]
[WhiteElo "1998"]
[BlackElo "2076"]
[PlyCount "91"]

1. d4 {[%clk 1:30:57]} Nf6 {[%clk 1:30:08]} 2. c4 {[%clk 1:31:20]} e6
{[%clk 1:28:52]} 3. Nc3 {[%clk 1:31:40]} c5 {[%clk 1:28:14]} 4. d5
{[%clk 1:32:04]} exd5 {[%clk 1:27:58]} 5. cxd5 {[%clk 1:32:26]} d6
{[%clk 1:28:21]} 6. e4 {[%clk 1:32:48]} g6 {[%clk 1:28:46]} 7. f4
{[%clk 1:33:09]} Bg7 {[%clk 1:29:12]} 8. Bb5+ {[%clk 1:33:27]} Nfd7
{[%clk 1:29:40]} 9. Nf3 {[%clk 1:33:43]} a6 {[%clk 1:30:08]} 10. Bd3
{[%clk 1:33:53]} b5 {[%clk 1:29:08]} 11. O-O {[%clk 1:34:07]} O-O
{[%clk 1:29:30]} 12. Kh1 {[%clk 1:34:27]} Re8 {[%clk 1:26:20]} 13. a3
{[%clk 1:34:50]} Nb6 {[%clk 1:12:10]} 14. f5 {[%clk 1:27:30]} N8d7
{[%clk 1:07:08]} 15. Bg5 {[%clk 1:20:37]} Qc7 {[%clk 0:48:28]} 16. Qd2
{[%clk 1:14:26]} b4 {[%clk 0:28:58]} 17. axb4 {[%clk 1:06:47]} cxb4
{[%clk 0:25:59]} 18. Nd1 {[%clk 0:59:22]} a5 {[%clk 0:22:43]} 19. Rc1
{[%clk 0:50:48]} Qb8 {[%clk 0:19:51]} 20. Bh6 {[%clk 0:43:57]} Bf6
{[%clk 0:19:05]} 21. Ne3 {[%clk 0:34:59]} Nc5 {[%clk 0:14:12]} 22. Ng4
{[%clk 0:32:50]} Nbd7 {[%clk 0:09:19]} 23. Nxf6+ {[%clk 0:19:48]} Nxf6
{[%clk 0:09:37]} 24. Ng5 {[%clk 0:18:36]} Ng4 {[%clk 0:07:23]} 25. Nxh7
{[%clk 0:07:00]} Nxd3 {[%clk 0:05:45]} 26. Qxd3 {[%clk 0:07:14]} Kxh7
{[%clk 0:05:56]} 27. Bg5 {[%clk 0:06:23]} gxf5 {[%clk 0:04:05]} 28. exf5
{[%clk 0:05:05]} Kg8 {[%clk 0:03:09]} 29. Qg3 {[%clk 0:04:13]} Re4
{[%clk 0:02:25]} 30. h3 {[%clk 0:02:49]} Ba6 {[%clk 0:02:17]} 31. Rf4
{[%clk 0:02:20]} Rxf4 {[%clk 0:00:37]} 32. Bxf4 {[%clk 0:02:37]} Be2
{[%clk 0:00:38]} 33. hxg4 {[%clk 0:02:00]} Qf8 {[%clk 0:00:57]} 34. g5
{[%clk 0:01:14]} Rc8 {[%clk 0:00:44]} 35. Rxc8 Qxc8 {[%clk 0:01:13]} 36. f6
{[%clk 0:00:49]} Qf5 {[%clk 0:01:09]} 37. Qe3 {[%clk 0:00:35]} Bb5
{[%clk 0:01:07]} 38. Kh2 {[%clk 0:00:39]} Qxd5 {[%clk 0:01:10]} 39. Qh3
{[%clk 0:00:33]} Bf1 {[%clk 0:00:51]} 40. Qg3 {[%clk 0:00:33]} Qd3
{[%clk 0:00:39]} 41. Bxd6 {[%clk 0:16:31]} Qxg3+ {[%clk 0:31:31]} 42. Kxg3
{[%clk 0:16:42]} b3 {[%clk 0:31:55]} 43. Kf3 {[%clk 0:14:38]} Kh7
{[%clk 0:32:01]} 44. g3 {[%clk 0:14:09]} Kg6 {[%clk 0:32:26]} 45. Kf4
{[%clk 0:14:09]} Bb5 {[%clk 0:32:49]} 46. Ba3 {[%clk 0:12:24]}
1/2-1/2

[Event "Landsturneringen 2017"]
[Site "Clarion Energy Hotel, Stavanger"]
[Date "2017.07.02"]
[Round "2"]
[White "Lund, Gunnar"]
[Black "Rødsmoen, Maud"]
[Result "1-0"]
[WhiteElo "2051"]
[BlackElo "1968"]
[PlyCount "57"]

1. Nf3 {[%clk 1:30:52]} c5 {[%clk 1:30:34]} 2. g3 {[%clk 1:30:42]} Nc6
{[%clk 1:30:31]} 3. Bg2 {[%clk 1:30:52]} Nf6 {[%clk 1:30:27]} 4. c4
{[%clk 1:30:35]} e6 {[%clk 1:27:23]} 5. Nc3 {[%clk 1:30:14]} Be7 {[%clk 1:27:08]}
6. O-O {[%clk 1:29:35]} O-O {[%clk 1:27:35]} 7. d4 {[%clk 1:26:49]} cxd4
{[%clk 1:26:02]} 8. Nxd4 {[%clk 1:25:55]} a6 {[%clk 1:20:48]} 9. e4
{[%clk 1:24:31]} Qc7 {[%clk 1:16:05]} 10. h3 {[%clk 1:19:24]} Rb8
{[%clk 1:08:40]} 11. Be3 {[%clk 1:15:34]} Na5 {[%clk 1:01:03]} 12. b3
{[%clk 0:21:41]} b5 {[%clk 0:40:13]} 13. Bf4 {[%clk 0:12:43]} e5 {[%clk 0:38:03]}
14. Nf5 {[%clk 0:12:20]} Bb4 {[%clk 0:35:37]} 15. Bg5 {[%clk 0:12:34]} d6
{[%clk 0:19:53]} 16. Bxf6 {[%clk 0:11:20]} Bxf5 {[%clk 0:20:20]} 17. Nd5
{[%clk 0:11:07]} Qc5 {[%clk 0:19:09]} 18. exf5 {[%clk 0:10:24]} gxf6
{[%clk 0:18:03]} 19. Nxf6+ {[%clk 0:10:46]} Kg7 {[%clk 0:18:08]} 20. Nd7
{[%clk 0:09:28]} Qc7 {[%clk 0:18:25]} 21. f6+ {[%clk 0:08:59]} Kh8
{[%clk 0:18:38]} 22. Qh5 {[%clk 0:07:57]} Rg8 {[%clk 0:18:06]} 23. Nxb8
{[%clk 0:08:19]} Qxb8 {[%clk 0:18:09]} 24. Be4 {[%clk 0:08:40]} Rg6
{[%clk 0:18:32]} 25. Bxg6 {[%clk 0:08:57]} fxg6 {[%clk 0:18:59]} 26. Qh6
{[%clk 0:09:21]} Qg8 {[%clk 0:19:15]} 27. cxb5 {[%clk 0:09:25]} axb5
{[%clk 0:19:41]} 28. Rac1 {[%clk 0:09:37]} Bc5 {[%clk 0:19:49]} 29. b4
{[%clk 0:09:52]}
1-0

[Event "Landsturneringen 2017"]
[Site "Clarion Energy Hotel, Stavanger"]
[Date "2017.07.02"]
[Round "2"]
[White "Kizatbay, Alseit"]
[Black "Kyrkjebø, Hanna B"]
[Result "1/2-1/2"]
[WhiteElo "1952"]
[BlackElo "1923"]
[PlyCount "60"]
[EventDate "2017.??.??"]

1. Nf3 d5 2. g3 Nf6 3. Bg2 c6 4. b3 Bg4 5. Bb2 Nbd7 6. d3 e6 7. Nbd2 Be7 8. O-O
O-O 9. c4 a5 10. Qc2 a4 11. a3 axb3 12. Nxb3 Ra6 13. a4 Qa8 14. h3 dxc4 15.
dxc4 Bf5 16. Qc3 Rxa4 17. Nh4 Rxa1 18. Rxa1 Qc8 19. Nxf5 exf5 20. e4 Nc5 21.
Nxc5 Bxc5 22. Qe5 Bb6 23. Qxf5 Qxf5 24. exf5 Re8 25. Bxf6 gxf6 26. Rb1 Bd4 27.
Rxb7 Re2 28. Bxc6 Rxf2 29. Bd5 Rxf5+ 30. Kg2 Rf2+
1/2-1/2

[Event "Landsturneringen 2017"]
[Site "Clarion Energy Hotel, Stavanger"]
[Date "2017.07.02"]
[Round "2"]
[White "Grønn, Eskil Ekeland"]
[Black "Næss, Sara"]
[Result "1-0"]
[WhiteElo "1914"]
[BlackElo "1786"]
[PlyCount "75"]
[EventDate "2017.??.??"]

1. b3 e5 2. Bb2 Nc6 3. g3 d5 4. Bg2 Nf6 5. e3 Be7 6. Ne2 Be6 7. O-O Qd7 8. f4
e4 9. Qe1 O-O-O 10. d3 Bh3 11. Qf2 Bxg2 12. Qxg2 Ng4 13. Bc1 Nb4 14. Nd4 exd3
15. c3 Nc6 16. Rd1 Nxd4 17. cxd4 h5 18. Rxd3 h4 19. h3 Nf6 20. g4 Ne4 21. Nc3
f5 22. g5 Ng3 23. Bd2 Rh5 24. Be1 Ne4 25. Rc1 g6 26. Nxe4 dxe4 27. Rdc3 c6 28.
Rc4 Qd5 29. Bb4 Bxb4 30. Rxb4 b6 31. Qe2 Kb7 32. Rc5 Qd7 33. Ra5 b5 34. a4 Qe7
35. Raxb5+ cxb5 36. Qxb5+ Kc7 37. Rc4+ Kd6 38. Qc6#
1-0

[Event "Landsturneringen 2017"]
[Site "Clarion Energy Hotel, Stavanger"]
[Date "2017.07.02"]
[Round "2"]
[White "Wadstensvik, Petter Andreas"]
[Black "Greibrokk, Ingrid"]
[Result "0-1"]
[WhiteElo "1809"]
[BlackElo "1868"]
[PlyCount "82"]
[EventDate "2017.??.??"]

1. d4 d6 2. Nf3 g6 3. b3 Bg7 4. Bb2 c5 5. e3 b6 6. Nbd2 Nf6 7. Bd3 O-O 8. O-O
Nc6 9. a3 Bb7 10. Qe2 Nd7 11. Rab1 e5 12. Nc4 Qc7 13. dxe5 d5 14. Nd6 Ncxe5 15.
Nxe5 Nxe5 16. Nxb7 Qxb7 17. Ba6 Qe7 18. Qd2 Rad8 19. Be2 Rd6 20. b4 Nc4 21.
Bxc4 dxc4 22. Qe1 Bxb2 23. Rxb2 Qe5 24. bxc5 Qxb2 25. cxd6 Qxc2 26. Qd1 Qb2 27.
d7 Rd8 28. Qd6 Qg7 29. Qc7 Qf8 30. Qxc4 Rxd7 31. h3 Qc5 32. Qb3 Rd2 33. Qa4 a5
34. Rb1 Ra2 35. Qd1 Rxa3 36. Qd8+ Kg7 37. Rxb6 Qe5 38. Rd6 Ra1+ 39. Rd1 a4 40.
Kf1 a3 41. Ke2 Rxd1
0-1